00994nam a2200241Ia 450000100060000000300090000600800410001504000130005604000130006904100130008210000190009510000290011424500270014324501020017025000110027226000120028326000100029526000490030530000590035450002940041365000140070765000310072160052IT-RoPAU130308s9999 xx 000 0 und d aIT-RoPAU cIT-RoPAU aITALIANO aEsposito Elena gCodice Aut. SPICS: 21162 aNegazione e modalità bSemantica e Comunicazione-L'Evoluzione delle Idee nella Prospettiva sociologica di Niklas Luhmann a1a ed. aBOLOGNA bClueb c1987 [1° Ed.:1987 - Ed.Ling.Originale:1987] a"51 p. (prefazione: no ; testo: 51 [pagine: 113-163])" aMondo Come Orizzonte negazione Bivalente Riflessività della negazione Funzione della Binarietà Modi del vero e del Falso Logica Classica Modalità Come Generalizzazioni Mondo del Possibile Appresentazione e Modalizzazione Tempo Come Modalità Rapporti tra Logica e Teoria Sociologica aSEMANTICA eCodice materia Spics: 3301